000 00881 a2200229 4500
001 38578
005 20260407155648.0
008 260407a1974 arg spa d
003 AR-UNSa-BCEJYS
040 _aAR-UNSa-BCEJYS
_bspa
_cAR-UNSa-BCEJYS
080 _a330.1
_xCiencia económica. Conceptos fundamentales de teoría económica. Valor. Capital. Fondos
245 1 0 _aSemántica económica
264 1 _aMéxico :
_bSiglo Veintiuno editores
_c1974
300 _a306 p.
_c21 cm.
505 _a1. Introducción - 2. Cuestiones semánticas de metodología económica - 3. Cuestiones semánticas de la teoría del valor - 4. Cuestiones semánticas de macroeconomía y de política económica
041 _aspa
942 _cBK
590 _aniveau_biblio:m niveau_hierar:0
100 1 _aMachlup, Fritz
700 1 _aGallez, Pablo J.
700 1 _aGonzález Aramburo, Francisco
999 _c2900
_d2900